Kuasa perundangan : suatu penelitian berasaskan konsep syariah dan pengalaman sejarah negara-negara Islam /
Saved in:
| 主要作者: | |
|---|---|
| 格式: | Thesis 圖書 |
| 語言: | Malay |
| 出版: |
1994.
|
| 主題: | |
| 標簽: |
添加標簽
沒有標簽, 成為第一個標記此記錄!
|
| LEADER | 01261cam a2200301 a 4500 | ||
|---|---|---|---|
| 001 | u378375 | ||
| 003 | SIRSI | ||
| 008 | 890622s1994 my t 0 may m | ||
| 035 | |a ABW-8887 | ||
| 040 | |a UMM |d UMA | ||
| 043 | |a aw----- |a f------ | ||
| 090 | |a BP158 |b J8Bhacp | ||
| 091 | |a Microfiche 12433. | ||
| 094 | |a BP158 |b J8Bhacp | ||
| 100 | 0 | 0 | |a Bharuddin Che' Pa |
| 245 | 1 | 0 | |a Kuasa perundangan : |b suatu penelitian berasaskan konsep syariah dan pengalaman sejarah negara-negara Islam / |c Baharuddin bin Che' Pa. |
| 260 | |c 1994. | ||
| 300 | |a xxiii, 359 leaves ; |c 30 cm. | ||
| 500 | |a AIUM. | ||
| 500 | |a Also available on microfiche. Kuala Lumpur : Perpustakaan Universiti Malaya, 1996. 5 fiches : negative ; 11x15 cm. | ||
| 502 | |a Dissertation (M.Syariah) -- Fakulti Syariah, Akademi Islam Universiti Malaya, 1994. | ||
| 504 | |a Bibliography: leaves 342-359. | ||
| 650 | 0 | |a Judicial power (Islamic law) |z Islamic countries |x History. | |
| 710 | 2 | 0 | |a Universiti Malaya. |b Akademi Islam. |b Fakulti Syariah. |
| 948 | |a 07/08/1995 |b 06/11/2003 | ||
| 596 | |a 1 18 | ||
| 999 | |a BP158 J8BHACP |w LC |c 1 |i A505808826 |d 30/10/2015 |e 30/10/2015 |l STACKS |m P01UTAMA |n 31 |r Y |s Y |t TESIS |u 7/8/1995 | ||
| 999 | |a BP158 J8BHACP |w LC |c 1 |i A506902945 |l RESERVES |m P18ISLPURI |r Y |s Y |t TESIS |u 25/9/2001 | ||
